Metodología para la gestión y administración óptima de inventario de equipos de protección personal en el Ingenio Monte Rosa
Presenta una metodología para la gestión y administración óptima de inventario de equipos de protección personal en el Ingenio Monte Rosa. La gerencia general ha establecido una nueva directriz, siendo que el departamento de higiene y seguridad dirija el abastecimiento y distribución de los eq...
| Main Authors: | , |
|---|---|
| Other Authors: | |
| Format: | Tesis Section = Libro |
| Language: | Undetermined Spanish |
| Published: |
Managua
UNI
2015
|
| Subjects: |
| LEADER | 01293nam a2200265Ia 4500 | ||
|---|---|---|---|
| 008 | 240830s9999 xx 000 0 und d | ||
| 040 | |a BIBLIOTECA-RUSB/ M.Mon 658.78 A465 | ||
| 041 | |a spa | ||
| 082 | |a M.Mon 658.78 A465 | ||
| 100 | 1 | |a Altamirano Somarriba, Ligia Fabiola | |
| 100 | 1 | |b Norori Blandón, Karina Eugenia | |
| 245 | 1 | 0 | |a Metodología para la gestión y administración óptima de inventario de equipos de protección personal en el Ingenio Monte Rosa |
| 260 | |a Managua |b UNI |c 2015 | ||
| 300 | |a 80 p. :il. | ||
| 500 | |a Contiene anexos | ||
| 502 | |a Tesis (Máster en Gestión Empresarial) - UNI, 2015. | ||
| 520 | 3 | |a Presenta una metodología para la gestión y administración óptima de inventario de equipos de protección personal en el Ingenio Monte Rosa. La gerencia general ha establecido una nueva directriz, siendo que el departamento de higiene y seguridad dirija el abastecimiento y distribución de los equipos de protección personal para los colaboradores en todos los procesos de operatividad del Ingenio. | |
| 650 | 7 | |a ADMINISTRACION DE INVENTARIO | |
| 650 | 7 | |b CONTROL DE INVENTARIO | |
| 650 | 7 | |c GESTION EMPRESARIAL | |
| 650 | 7 | |d RIESGO OPERACIONAL | |
| 700 | 1 | |a Tutor: |b Tapia, Fernando | |
| 942 | |c BK |2 ddc | ||
| 991 | |a TESIS | ||
| 999 | |c 19497 | ||